| 000 | 00788nam a2200253 i 4500 | ||
|---|---|---|---|
| 001 | 12423 | ||
| 003 | ES-MaACL | ||
| 005 | 20230906150317.0 | ||
| 007 | t| | ||
| 008 | 921013s1991 sp ||||0| spa d | ||
| 016 | 7 | _zSIC92007991 | |
| 020 | _a84-404-9420-3 | ||
| 040 |
_aSIC _bspa _cSIC |
||
| 080 | _a860-1"19" | ||
| 100 | 1 |
_aCamacho, Juan José. _933960 |
|
| 245 | 1 | 3 |
_aEl dios del olvido / _cJuan José Camacho ; [prólogo María José Rivas]. |
| 260 |
_a[Bilbao] : _b[s.n.], _cD.L. 1991 ( _fIndustrias Gráficas Garvica) |
||
| 300 |
_a142 p. : _bil. ; _c20 cm. |
||
| 490 | 1 | _aColección Autores "El Candil" | |
| 700 | 1 |
_aRivas, María José. _997563 |
|
| 830 | 0 |
_aColección Autores "El Candil" _9228295 |
|
| 852 |
_aES-MaACL _jL-19660 _bR.123658 |
||
| 999 |
_c12423 _d12423 |
||